LEADER 01452nam0-22004211i-450- 001 990005550690203316 005 20080930120000.0 035 $a000555069 035 $aUSA01000555069 035 $a(ALEPH)000555069USA01 035 $a000555069 100 $a20080626d2007-------|0itac50------ba 101 $aita 102 $aIT 105 $a|||| ||||| 200 1 $aCustomer relationship management e nuovi processi di acquisto per il consumatore turistico$fArianna Di Vittorio 210 $aMilano$cAngeli$d[2007] 215 $a325 p.$d23 cm 225 2$aEconomia . Sez. 5$v543 410 1$12001$aEconomia . Sez. 5$v543 606 $aMarketing relazionale$xSettore del turismo$2FI 606 $aMarketing turistico$2FI 620 $dMilano 676 $a338.47916588$cTURISMO. MARKETING$v21 700 1$aDI_VITTORIO,$bArianna$0541950 801 $aIT$bSOL$c20120104 912 $a990005550690203316 950 $aDIP.TO SCIENZE ECONOMICHE - (SA)$dDS 300 338.47916588 DIV$e14705 DISES 951 $aDIP.TO SCIENZE ECONOMICHE - (SA)$bDS2008 1E 20080626 951 $a300 338.47916588 DIV$b14705 DISES 959 $aBK 969 $aDISES 979 $c20121027$lUSA01$h1533 979 $c20121027$lUSA01$h1613 979 $aPATRY$b90$c20121114$lUSA01$h1447 996 $aCustomer relationship management e nuovi processi di acquisto per il consumatore turistico$91131379 997 $aUNISA NUM $aUSA17736 LEADER 00909nam0-22002891i-450 001 990005447110203316 005 20200326122245.0 035 $a000544711 035 $aUSA01000544711 035 $a(ALEPH)000544711USA01 100 $a20010829d1986----km y1itay5003----ba 101 0 $aita 102 $aIT 200 1 $aRicerca operativa e informatica$eatti delle giornate Airo 1986 dell'Associazione italiana di ricerca operativa$eRoma 8-10 ottobre$fa cura di Maurizio Bielli 210 $aMilano$cF. Angeli$dcopyr. 1986 215 $a820 p.$d22 cm 606 0 $aRicerca operativa$2BNCF 676 $a003 702 1$aBIELLI,$bMaurizio 710 02$aAssociazione italiana di ricerca operativa$016075 801 0$aIT$bSOL$c20120104 912 $a990005447110203316 951 $a000 003 BIE$b767 DISES 959 $aBK 969 $aDISES 996 $aRicerca operativa e informatica$961881 997 $aUNISA